000 00479nam a2200169Ia 4500
008 210210b2004 xxu||||| |||| 00| 0 eng d
020 _a1 4051 2625 6
082 _a597 BEAB
100 _aBEAUMONT (A R)
245 _aBiotechnology and Genetics in Fisheries and Aquaculture.
260 _aOxford
_bBlackwell Science Ltd
_c2004
300 _avii,158
650 _aBiotechnology Genetics Fisheries Aquaculture
690 _aFishes
700 _aHOARE (K).
906 _aSG04423
999 _c115364
_d115364